MARC details
| 000 -LEADER |
| fixed length control field |
01631nam a22003977i 4500 |
| 003 - CONTROL NUMBER IDENTIFIER |
| control field |
URS |
| 005 - DATE AND TIME OF LATEST TRANSACTION |
| control field |
20230817135558.0 |
| 008 - FIXED-LENGTH DATA ELEMENTS--GENERAL INFORMATION |
| fixed length control field |
180515b xxu||||| |||| 00| 0 eng d |
| 020 ## - INTERNATIONAL STANDARD BOOK NUMBER |
| International Standard Book Number |
0688750133 |
| 040 ## - CATALOGING SOURCE |
| Original cataloging agency |
DLC |
| Description conventions |
rda |
| Transcribing agency |
DLC |
| Modifying agency |
DLC |
| -- |
URS |
| Language of cataloging |
eng |
| 042 ## - AUTHENTICATION CODE |
| Authentication code |
lcac |
| 050 00 - LIBRARY OF CONGRESS CALL NUMBER |
| Classification number |
GC30.5 |
| Item number |
.R7334 1974 |
| 100 1# - MAIN ENTRY--PERSONAL NAME |
| Personal name |
Ross, Frank, |
| Dates associated with a name |
1914-1998. |
| Relator term |
author. |
| 245 10 - TITLE STATEMENT |
| Title |
Jobs in marine science : |
| Remainder of title |
commercial fishing, marine construction, and salvage / |
| Statement of responsibility, etc. |
by Frank Ross, Jr., consultants: F. G. Walton Smith, Carl M. Tausig. |
| 264 #1 - PRODUCTION, PUBLICATION, DISTRIBUTION, MANUFACTURE, AND COPYRIGHT NOTICE |
| Place of production, publication, distribution, manufacture |
, |
| Name of producer, publisher, distributor, manufacturer |
. |
| Date of production, publication, distribution, manufacture, or copyright notice |
[1974] |
| 264 #1 - PRODUCTION, PUBLICATION, DISTRIBUTION, MANUFACTURE, AND COPYRIGHT NOTICE |
| Place of production, publication, distribution, manufacture |
New York : |
| Name of producer, publisher, distributor, manufacturer |
Lothrop, Lee & Shepard Company, |
| Date of production, publication, distribution, manufacture, or copyright notice |
[date of publication not identified]. |
| 264 #4 - PRODUCTION, PUBLICATION, DISTRIBUTION, MANUFACTURE, AND COPYRIGHT NOTICE |
| Date of production, publication, distribution, manufacture, or copyright notice |
©1974. |
| 300 ## - PHYSICAL DESCRIPTION |
| Extent |
95 pages : |
| Other physical details |
illustrations ; |
| Dimensions |
24 cm. |
| 336 ## - CONTENT TYPE |
| Source |
rdacontent |
| Content type term |
text |
| 337 ## - MEDIA TYPE |
| Source |
rdamedia |
| Media type term |
unmediated |
| 338 ## - CARRIER TYPE |
| Source |
rdacarrier |
| Carrier type term |
volume |
| 490 0# - SERIES STATEMENT |
| Series statement |
Exploring careers |
| 504 ## - BIBLIOGRAPHY, ETC. NOTE |
| Bibliography, etc. note |
Bibliography: pages 91-92. |
| 520 ## - SUMMARY, ETC. |
| Summary, etc. |
Introduces career possibilities in the field of marine science including oceanographer, fish farmer, and salvage diver. |
| 650 #0 - SUBJECT ADDED ENTRY--TOPICAL TERM |
| Topical term or geographic name entry element |
Oceanography |
| General subdivision |
Vocational guidance |
| -- |
Juvenile literature |
| 650 #0 - SUBJECT ADDED ENTRY--TOPICAL TERM |
| Topical term or geographic name entry element |
Fisheries |
| General subdivision |
Vocational guidance |
| -- |
Juvenile literature. |
| 650 #0 - SUBJECT ADDED ENTRY--TOPICAL TERM |
| Topical term or geographic name entry element |
Salvage |
| General subdivision |
Vocational guidance |
| -- |
Juvenile literature. |
| 650 #0 - SUBJECT ADDED ENTRY--TOPICAL TERM |
| Topical term or geographic name entry element |
Underwater construction |
| General subdivision |
Vocational guidance |
| -- |
Juvenile literature. |
| 650 #1 - SUBJECT ADDED ENTRY--TOPICAL TERM |
| Topical term or geographic name entry element |
Oceanography |
| General subdivision |
Vocational guidance. |
| 650 #1 - SUBJECT ADDED ENTRY--TOPICAL TERM |
| Topical term or geographic name entry element |
Fisheries |
| General subdivision |
Vocational guidance. |
| 650 #1 - SUBJECT ADDED ENTRY--TOPICAL TERM |
| Topical term or geographic name entry element |
Salvage |
| General subdivision |
Vocational guidance. |
| 650 #1 - SUBJECT ADDED ENTRY--TOPICAL TERM |
| Topical term or geographic name entry element |
Underwater construction |
| General subdivision |
Vocational guidance. |
| 700 1# - ADDED ENTRY--PERSONAL NAME |
| Personal name |
Smith, F. G. Walton |
| Relator term |
author. |
| 700 1# - ADDED ENTRY--PERSONAL NAME |
| Personal name |
Tausig, Carl M. |
| Relator term |
consultant |
| 942 ## - ADDED ENTRY ELEMENTS (KOHA) |
| Source of classification or shelving scheme |
Library of Congress Classification |
| Koha item type |
Foreign Books |